Troubleshooting and repairing personal computers. / (Record no. 2033)
[ view plain ]
| 000 -LEADER | |
|---|---|
| fixed length control field | 01933pam a2200289 a 4500 |
| 001 - CONTROL NUMBER | |
| control field | 1580505 |
| 005 - DATE AND TIME OF LATEST TRANSACTION | |
| control field | 20210414114118.0 |
| 008 - FIXED-LENGTH DATA ELEMENTS--GENERAL INFORMATION | |
| fixed length control field | 931001s1994 nyua 001 0 eng |
| 010 ## - LIBRARY OF CONGRESS CONTROL NUMBER | |
| LC control number | 93039124 |
| 020 ## - INTERNATIONAL STANDARD BOOK NUMBER | |
| International Standard Book Number | 0028020030 |
| 040 ## - CATALOGING SOURCE | |
| Original cataloging agency | DLC |
| Transcribing agency | DLC |
| Modifying agency | DLC |
| 050 00 - LIBRARY OF CONGRESS CALL NUMBER | |
| Classification number | TK7887.M37 |
| 082 00 - DEWEY DECIMAL CLASSIFICATION NUMBER | |
| Classification number | 621.39/16 |
| Edition number | 20 |
| 100 1# - MAIN ENTRY--PERSONAL NAME | |
| Personal name | Margolis, Art. |
| 245 10 - TITLE STATEMENT | |
| Title | Troubleshooting and repairing personal computers. / |
| Statement of responsibility, etc. | Art Margolis ; with contributions by Abraham I. Pallas. |
| 250 ## - EDITION STATEMENT | |
| Edition statement | 3rd ed. |
| 260 ## - PUBLICATION, DISTRIBUTION, ETC. | |
| Place of publication, distribution, etc. | New York, N.Y. : |
| Name of publisher, distributor, etc. | Glencoe, Macmillan/McGraw-Hill, |
| Date of publication, distribution, etc. | c1994. |
| 300 ## - PHYSICAL DESCRIPTION | |
| Extent | xvii, 604 p. : |
| Other physical details | ill. ; |
| Dimensions | 24 cm. |
| 440 #0 - SERIES STATEMENT/ADDED ENTRY--TITLE | |
| Title | Glencoe tech series |
| 500 ## - GENERAL NOTE | |
| General note | Includes index. |
| 505 ## - FORMATTED CONTENTS NOTE | |
| Formatted contents note | Contents: Introduction: safety first -- Diagnosing symtoms of computer problems -- The Latest-equipment arsenal -- Taking computers apart -- The Common problems and repairs -- All about chip-location guides -- Checking large chips with lots of pins -- Checking the low pin-count chips - Memory contained in chips -- Manual fault dictionary techniques -- Using diagnostic programs -- The Latest chip-changing techniques and desoldering equipment -- Block diagram of a typical personal computer -- Clocks -- Those older 8-bit processors -- The Original 16-bit processors -- The Newer multibit processors -- General description of the 80486 -- Repairing bus lines and slots -- Memory map residents -- The Digital-to-digital 1/0 circuits -- Digital-to-analog and analog-to-digital circuits -- Display monitors interfaces -- Video-display repair techniques -- Disk drive maintanance and adjustments -- Computer power supplies. |
| 650 #0 - SUBJECT ADDED ENTRY--TOPICAL TERM | |
| Topical term or geographic name entry element | Microcomputers |
| General subdivision | Maintenance and repair. |
| 700 1# - ADDED ENTRY--PERSONAL NAME | |
| Personal name | Pallas, Abraham. |
| 906 ## - LOCAL DATA ELEMENT F, LDF (RLIN) | |
| a | 7 |
| b | cbc |
| c | orignew |
| d | 1 |
| e | ocip |
| f | 19 |
| g | y-gencatlg |
| 942 ## - ADDED ENTRY ELEMENTS (KOHA) | |
| Source of classification or shelving scheme | Library of Congress Classification |
| Koha item type | Books |
| Withdrawn status | Lost status | Source of classification or shelving scheme | Damaged status | Not for loan | Home library | Current library | Shelving location | Date acquired | Total Checkouts | Full call number | Barcode | Date last seen | Copy number | Price effective from | Koha item type |
|---|---|---|---|---|---|---|---|---|---|---|---|---|---|---|---|
| Library of Congress Classification | WISCONSIN INTERNATIONAL UNIVERSITY COLLEGE, GHANA - MAIN LIBRARY | WISCONSIN INTERNATIONAL UNIVERSITY COLLEGE, GHANA - MAIN LIBRARY | General Stacks | 15/08/2012 | TK7887.M37 | 5935/12 | 15/08/2012 | 1 | 15/08/2012 | Books | |||||
| Library of Congress Classification | WISCONSIN INTERNATIONAL UNIVERSITY COLLEGE, GHANA - MAIN LIBRARY | WISCONSIN INTERNATIONAL UNIVERSITY COLLEGE, GHANA - MAIN LIBRARY | General Stacks | 15/08/2012 | TK7887.M371 | 5936/12 | 15/08/2012 | 2 | 15/08/2012 | Books | |||||
| Library of Congress Classification | WISCONSIN INTERNATIONAL UNIVERSITY COLLEGE, GHANA - MAIN LIBRARY | WISCONSIN INTERNATIONAL UNIVERSITY COLLEGE, GHANA - MAIN LIBRARY | General Stacks | 15/08/2012 | TK7887.M372 | 5937/12 | 15/08/2012 | 3 | 15/08/2012 | Books |
